Normal view
MARC view
- التعليم العالي-تدريب مهني
Entry Topical Term
001 - CONTROL NUMBER
- control field: 57682
003 - CONTROL NUMBER IDENTIFIER
- control field: JO-AjAnu
005 - DATE AND TIME OF LATEST TRANSACTION
- control field: 20230606083438.0
008 - FIXED-LENGTH DATA ELEMENTS
- fixed length control field: 230606|| aca||aabn | a|a d
040 ## - CATALOGING SOURCE
- Original cataloging agency: JO-AjAnu
- Transcribing agency: JO-AjAnu
150 ## - HEADING--TOPICAL TERM
- Topical term or geographic name entry element: التعليم العالي-تدريب مهني
670 ## - SOURCE DATA FOUND
- Source citation: Work cat.: (JO-AjAnu)29431: ابو جابر، ماجد عبد الكريم، م مشارك حسين عبد الطيف بعاره , author 57681, التربيه العمليه الميدانيه لطلبة كلية العلوم التربويه